Vplyv rozdielnych vlastností zvarového kovu na odolnosť proti porušeniu spoja

Bibliographic Details
Main Author: Kálna, Karol, 1934- (Author)
Format: Article
Language:Slovak
PhysicalDescription:Lit. 13 zázn. v angl., slov.
ISSN:0044-5525
Subjects:

MARC

LEADER 00000nab a2200000 a 4500
001 vtls000552200
003 SK-MaSNL
005 20260304090728.0
008 250425c1995 xo 0 slo
015 |a SNBRB19rr/mm-uuuuu 
035 |a CL0552338 
035 |a urn:nbn:sk:snk-ab6pzm 
035 |a (uuid)c49a1131-7e9b-4ca9-9734-f1f78a8e773c 
035 |a (urnnbn)urn:nbn:sk:snk:ar-005ry7 
035 |a (sysno)vtls000552200 
040 |a SNKBUCL  |b slo  |c SNKBUCL  |e AACR2 
041 0 |a slo 
044 |a xo  |c SK 
080 |a 621.791.05:620.178:539.4  |2 1981 
080 |a 620.178  |2 1981 
080 |a 539.4  |2 1981 
100 1 |a Kálna, Karol,  |d 1934-  |4 aut  |9 125999 
245 1 0 |a Vplyv rozdielnych vlastností zvarového kovu na odolnosť proti porušeniu spoja  |c Karol Kálna 
300 |b Lit. 13 zázn. v angl., slov. 
500 |a Dokončenie 
500 |a Na dok. chybne ISSN 044-5525 
650 0 7 |a zvarové spoje  |2 snkbucl  |9 31821 
650 0 7 |a odolnosť proti porušeniu  |2 snkbucl  |9 989834 
650 0 7 |a kovy zvarové  |2 snkbucl  |9 919672 
655 7 |a články z novín a časopisov  |2 snkbucl  |9 267496 
773 0 |t Zváranie  |g Roč. 44, č. 7 (1995), s. 160-162  |x 0044-5525 
850 |a Slovenská národná knižnica 
852 |a Slovenská národná knižnica 
954 |a odborná, vedecká literatúra pôvodná (slovenská)  |2 lita 
958 |a article 
958 |a OND 
958 |a NB 
958 |a RK 
958 |a EUIPO 
992 |a RBX 
999 |c 2812430  |d 2814360